Analyzing the actions of the Administration of Novy Vasyugan rural settlement; Journal of Economics and Social Sciences; № 10

Detalhes bibliográficos
Parent link:Journal of Economics and Social Sciences: electronic scientific journal.— , 2012-.— 2312-2978
№ 10.— 2017.— [5 p.]
Autor principal: Martynov I. A.
Autor Corporativo: Национальный исследовательский Томский политехнический университет (ТПУ)
Outros Autores: Tokmasheva D. D.
Resumo:Title screen
The paper analyzes the actions of the Administration of Novy Vasyugan rural settlement. Novy Vasyugan is a village in Tomsk oblast and an administrative center of rural settlement. The Administration is a key element of a democratic society. Every citizen deals with an administration. Nowadays it is developing and legislative branch does not work in a perfect way as its financial and economic resources are limited. The paper describes the structure of rural administration: the duties of municipal bodies, its rights. The goals and results of Novy Vasyugan municipal programs are described: socio-economic growth plan, fire safety municipal target program, energy efficiency municipal target program and antiextremism complex municipal program.
Idioma:inglês
Publicado em: 2017
Colecção:Социологические науки
Assuntos:
Acesso em linha:http://earchive.tpu.ru/handle/11683/43095
Formato: MixedMaterials Recurso Electrónico Capítulo de Livro
KOHA link:https://koha.lib.tpu.ru/cgi-bin/koha/opac-detail.pl?biblionumber=573924

MARC

LEADER 00000naa2a2200000 4500
001 573924
005 20231101125753.0
035 |a (RuTPU)RU\TPU\prd\272534 
035 |a RU\TPU\prd\272533 
090 |a 573924 
100 |a 20170721a2017 k y0rusy50 ba 
101 0 |a eng 
102 |a RU 
135 |a drcn ---uucaa 
181 0 |a i  
182 0 |a b 
200 1 |a Analyzing the actions of the Administration of Novy Vasyugan rural settlement  |f I. A. Martynov, D. D. Tokmasheva 
203 |a Text  |c electronic 
215 |a 1 файл (550 Кб) 
225 1 |a Социологические науки 
230 |a Электронные текстовые данные (1 файл : 550 Кб) 
300 |a Title screen 
320 |a [References: 7 tit.] 
330 |a The paper analyzes the actions of the Administration of Novy Vasyugan rural settlement. Novy Vasyugan is a village in Tomsk oblast and an administrative center of rural settlement. The Administration is a key element of a democratic society. Every citizen deals with an administration. Nowadays it is developing and legislative branch does not work in a perfect way as its financial and economic resources are limited. The paper describes the structure of rural administration: the duties of municipal bodies, its rights. The goals and results of Novy Vasyugan municipal programs are described: socio-economic growth plan, fire safety municipal target program, energy efficiency municipal target program and antiextremism complex municipal program. 
461 1 |0 (RuTPU)RU\TPU\prd\225573  |x 2312-2978  |t Journal of Economics and Social Sciences  |o electronic scientific journal  |d 2012- 
463 1 |0 (RuTPU)RU\TPU\prd\272526  |t № 10  |v [5 p.]  |d 2017 
610 1 |a труды учёных ТПУ 
610 1 |a электронный ресурс 
610 1 |a structures 
610 1 |a administration 
610 1 |a структура 
610 1 |a деятельность 
610 1 |a программы развития 
610 1 |a сельское поселение 
610 1 |a муниципальное образование 
610 1 |a администрация 
700 1 |a Martynov  |b I. A. 
701 1 |a Tokmasheva  |b D. D. 
712 0 2 |a Национальный исследовательский Томский политехнический университет (ТПУ)  |c (2009- )  |2 stltpush  |3 (RuTPU)RU\TPU\col\15902 
801 1 |a RU  |b 63413507  |c 20090623  |g PSBO 
801 2 |a RU  |b 63413507  |c 20171006  |g PSBO 
856 4 |u http://earchive.tpu.ru/handle/11683/43095 
942 |c BK